Statistics for The Franklin D. Roosevelt Presidency

Click here to take the quiz!

General Stats

  • This quiz has been taken 15,442 times
  • The average score is 15 of 21

Answer Stats

HintAnswer% Correct
Hawaiian naval base that was
attacked by the Japanese
Pearl Harbor
95%
His middle nameDelano
93%
Fill-in-the-blankThe only thing we have to fear is {fear} {itself}
92%
Name for his economic programNew {Deal}
92%
Other members of the "Big 3"
of WWII allied leaders
Winston Churchill
91%
His wife's first nameEleanor
90%
Disease he was diagnosed withPolio
86%
Economic crisis he facedGreat Depression
85%
Fill-in-the-blankDecember 7, 1941 – a date which will live in {infamy}
85%
Other members of the "Big 3"
of WWII allied leaders
Joseph Stalin
83%
Project to build a nuclear weaponManhattan Project
81%
His last Vice PresidentHarry Truman
77%
Home stateNew York
74%
Names for his radio talks{Fireside} Chats
70%
What was repealed in 1933Prohibition
66%
1932 election opponentHerbert Hoover
56%
His wife's maiden nameRoosevelt
51%
Fill-in-the-blank{Tennessee} Valley Authority
49%
Fill-in-the-blankCivilian {Conservation} Corps
29%
Name for his plan to increase the
size of the Supreme Court
Court {Packing}
27%
Fill-in-the-blankWorks {Progress} Administration
22%

Score Distribution

Percentile by Number Answered

Percent of People with Each Score

Your Score History

You have not taken this quiz